000 00829nam a2200301Ia 4500
003 OSt
005 20221006142241.0
006 a|||||r|||| 00| 0
007 ta
008 221006b |||||||| |||| 00| 0 eng d
020 _c
_19.95
024 _a5,806
037 _cTextual
040 _aEASL
_cEASL
_beng
041 _2eng
_aeng
082 _aT9(Y49).41.N7, M0
100 _aCHU Don-chean
_9647257
245 0 _aChairman Mao
_b Education of the proletariat
260 _aNew York
_bPhilosophical Library
_c1980
300 _a478p.
_ccm.
490 _v CEL
650 _a CEL
650 _a Curriculum
650 _a Ideologies of methods
_9647258
650 _aChairman Maos Life mind and work
_9647259
942 _hT9(Y49).41.N7, M0
_cTEXL
_2CC
999 _c1073892
_d1073892